=LDR 00000nam 2200000 4500 =001 INLIS000000000008920 =005 20130612100736 =008 ***********************************Ind** =035 ##$$0010-061300000008920 =041 ##$$a Ind =082 ##$$a 320.532 =090 ##$$a 320.532, Els m =100 ##$$a Elster,Jon =245 ##$$a Marxisme dan analisis krisis, Jon Elster,penerjemah,Sudarmaji =260 ##$$a 2000 $b Jakarta =300 ##$$a v, 276 hlm, 23cm =650 ##$$a Komunisme =700 ##$$a Sudarmaji =850 ##$$a NBPNMAT